00545nam a22001577a 4500003000900000008004100009020001800050040007100068082001700139100003100156245003100187260003500218300005100253700003900304700004400343AR-CdUCM190307b ||||| |||| 00| 0 spa d a84-221-0054-1 aMUNICIPALIDAD PROVINCIAL DEL CUSCOcBIBLIOTECA MUNICIPAL DEL CUSCO a828.8 /bB11 aBallantyne, Robert Michael aLos cazadores de gorilas / aBilbao :bCantábrica,c1983. a75 páginas :bIlustraciones en colorc24 cm. aVersion de: Laura García Corella aIlustraciones: Juan Miguel Fernández